Công tác hậu cần trong chiến dịch Điện Biên Phủ /
Salvato in:
| Autore principale: | |
|---|---|
| Natura: | Articolo |
| Lingua: | Vietnamese |
| Soggetti: | |
| Tags: |
Aggiungi Tag
Nessun Tag, puoi essere il primo ad aggiungerne! !
|
| Thư viện lưu trữ: | Thư viện Trường Đại học Đà Lạt |
|---|
| LEADER | 00811nam a2200253 4500 | ||
|---|---|---|---|
| 001 | DLU080064010 | ||
| 005 | ##20080822 | ||
| 040 | # | # | |a DLU |b vie |
| 041 | # | # | |a vie |
| 044 | # | # | |a vn |
| 100 | # | # | |a Hoàng Thị Như Ý. |
| 245 | # | # | |a Công tác hậu cần trong chiến dịch Điện Biên Phủ / |c Hoàng Thị Như Ý. |
| 653 | # | # | |a Chiến dịch Điện Biên Phủ |
| 653 | # | # | |a Hậu cần |
| 773 | # | # | |t Kỷ yếu Hội thảo Khoa học “50 năm chiến thắng lịch sử Điện Biên Phủ” |g 5/2004, tr. 84-89 |
| 920 | # | # | |a Phòng Tạp chí -- Trung tâm Thông tin - Thư viện Trường Đại học Đà Lạt |
| 994 | # | # | |a DLU |
| 900 | # | # | |a True |
| 911 | # | # | |a Lê Thị Mạnh Xuân |
| 925 | # | # | |a G |
| 926 | # | # | |a A |
| 927 | # | # | |a BB |
| 980 | # | # | |a Thư viện Trường Đại học Đà Lạt |